[Event "Over 1800"]
[Site "Edmonton"]
[Date "2016.08.27"]
[Round "1.1"]
[White "Haessel, Dale"]
[Black "Zeggelaar, Mike"]
[Result "1-0"]
[WhiteElo "2311"]
[BlackElo "1973"]
[PlyCount "101"]
[EventDate "2016.08.27"]
[EventType "swiss"]
[EventRounds "5"]
[EventCountry "CAN"]
[SourceDate "2016.04.20"]

1. d4 Nf6 2. c4 c5 3. d5 e6 4. Nc3 exd5 5. cxd5 d6 6. Nf3 g6 7. h3 Qe7 8. Bf4
a6 9. a4 Bg7 10. e3 O-O 11. Be2 Nfd7 12. O-O Ne5 13. Nd2 Nbd7 14. Bg3 f5 15.
Qc2 Rb8 16. Rfe1 Qg5 17. Kh2 Qh6 18. a5 g5 19. f4 Ng4+ 20. Bxg4 fxg4 21. fxg5
Qxg5 22. Nde4 Qg6 23. Bxd6 Be5+ 24. Bxe5 Nxe5 25. Rf1 Bf5 26. Rf4 Nc4 27. Qe2
Nd6 28. Nxd6 Qxd6 29. hxg4 Bg6 30. Raf1 Rbe8 31. Qd2 c4 32. Kg1 Rxf4 33. Rxf4
Bd3 34. Qf2 Qc5 35. e4 Qxa5 36. Qd4 Qa1+ 37. Kh2 Rf8 38. Rxf8+ Kxf8 39. Qh8+
Kf7 40. Qxh7+ Kf8 41. Qxb7 Qe1 42. Qb8+ Kg7 43. Qe5+ Kg8 44. Qg5+ Kf8 45. Qh6+
Ke8 46. d6 Bxe4 47. Qe6+ Kf8 48. Qxe4 Qxe4 49. Nxe4 a5 50. g5 a4 51. g6 1-0

[Event "Over 1800"]
[Site "Edmonton"]
[Date "2016.08.27"]
[Round "1.2"]
[White "Karmali, Hafiz"]
[Black "Haynes, Nicolas"]
[Result "1/2-1/2"]
[WhiteElo "1968"]
[BlackElo "2283"]
[PlyCount "88"]
[EventDate "2016.08.27"]
[EventType "swiss"]
[EventRounds "5"]
[EventCountry "CAN"]
[SourceDate "2016.04.20"]

1. d4 Nf6 2. c4 e6 3. Nc3 Bb4 4. e3 O-O 5. Bd3 d5 6. Nf3 c5 7. O-O dxc4 8. Bxc4
Nbd7 9. a3 cxd4 10. axb4 dxc3 11. bxc3 Qc7 12. Qb3 b6 13. Be2 Bb7 14. c4 Ng4
15. g3 Qc6 16. b5 Qe4 17. Qb1 Qxb1 18. Rxb1 Rac8 19. Ba3 Rfe8 20. Rbc1 Nge5 21.
Nxe5 Nxe5 22. f4 Nd7 23. Rfd1 Nf6 24. c5 bxc5 25. Bxc5 Ne4 26. Bd4 Bd5 27. Bd3
Ra8 28. Rc7 Nd6 29. Rxa7 Rab8 30. Be5 Rb6 31. Bxd6 Rxd6 32. Bc4 Rdd8 33. Bxd5
exd5 34. b6 Rb8 35. b7 Red8 36. Rda1 Kf8 37. Kf2 Ke7 38. Ke2 Rd7 39. Rb1 Kd6
40. Kd3 Re7 41. Ra8 Rbxb7 42. Ra6+ Kc5 43. Ra5+ Kc6 44. Ra6+ Kc5 1/2-1/2

[Event "Over 1800"]
[Site "Edmonton"]
[Date "2016.08.27"]
[Round "1.3"]
[White "Findlay, Ian"]
[Black "Macleod, Damon"]
[Result "1-0"]
[WhiteElo "2264"]
[BlackElo "1908"]
[PlyCount "69"]
[EventDate "2016.08.27"]
[EventType "swiss"]
[EventRounds "5"]
[EventCountry "CAN"]
[SourceDate "2016.04.20"]

1. e4 e5 2. Nf3 Nc6 3. Bb5 Nf6 4. d3 Bc5 5. Bxc6 dxc6 6. Qe2 Qd6 7. Nbd2 Be6 8.
O-O h6 9. c3 Nd7 10. Rd1 b5 11. d4 exd4 12. cxd4 Bb6 13. a4 O-O 14. axb5 cxb5
15. d5 Bg4 16. Qxb5 Ne5 17. Ra3 f5 18. Nc4 Nxf3+ 19. gxf3 Bxf2+ 20. Kg2 Bxf3+
21. Rxf3 Qg6+ 22. Rg3 Bxg3 23. hxg3 f4 24. Qb3 Qxe4+ 25. Kh3 fxg3 26. Ne3 Rf2
27. d6+ Kh8 28. Ng4 Qg2+ 29. Kh4 g5+ 30. Kh5 Qh3+ 31. Kg6 Rg8+ 32. Qxg8+ Kxg8
33. d7 Qxg4 34. d8=Q+ Rf8 35. Qd5+ 1-0

[Event "Over 1800"]
[Site "Edmonton"]
[Date "2016.08.27"]
[Round "1.4"]
[White "Young, Joseph"]
[Black "MacKinnon, Keith"]
[Result "0-1"]
[WhiteElo "1831"]
[BlackElo "2259"]
[PlyCount "88"]
[EventDate "2016.08.27"]
[EventType "swiss"]
[EventRounds "5"]
[EventCountry "CAN"]
[SourceDate "2016.04.20"]

1. Nf3 c5 2. c4 Nf6 3. Nc3 g6 4. g3 b6 5. Bg2 Bb7 6. O-O Bg7 7. d3 O-O 8. e4
Nc6 9. h3 d6 10. Be3 Rc8 11. Qd2 Re8 12. Bh6 Bh8 13. h4 Ne5 14. Nxe5 dxe5 15.
Nd5 Nd7 16. Bg5 f6 17. Bh6 e6 18. Nc3 Nb8 19. Nb5 Nc6 20. Be3 a6 21. Nc3 Rc7
22. Rad1 Rd7 23. a3 Ree7 24. Ne2 a5 25. Nc3 Ba6 26. Qc2 Bg7 27. f4 Bh6 28. Rf3
exf4 29. gxf4 Rg7 30. Bh3 f5 31. Bf2 Nd4 32. Bxd4 Rxd4 33. Nb5 Bxb5 34. cxb5
Qxh4 35. Qb3 Rd6 36. Rdf1 Bxf4 37. Kh1 Be5 38. Rg1 Qh5 39. Kg2 Rf7 40. Rgf1 g5
41. exf5 g4 42. fxe6 gxf3+ 43. Kf2 Qh4+ 44. Ke3 Qf4+ 0-1

[Event "Over 1800"]
[Site "Edmonton"]
[Date "2016.08.27"]
[Round "1.5"]
[White "Malek, Omid"]
[Black "Dave, Bhavik"]
[Result "1-0"]
[WhiteElo "2140"]
[BlackElo "1830"]
[PlyCount "85"]
[EventDate "2016.08.27"]
[EventType "swiss"]
[EventRounds "5"]
[EventCountry "CAN"]
[SourceDate "2016.04.20"]

1. d4 Nf6 2. Bg5 e6 3. e4 Be7 4. Nd2 d5 5. e5 Nfd7 6. Bxe7 Qxe7 7. Ngf3 b6 8.
c3 a5 9. a3 c5 10. Qa4 Ba6 11. Bxa6 Nxa6 12. O-O O-O 13. Rfe1 Rfc8 14. Nf1 cxd4
15. cxd4 Rc4 16. Qd1 Rac8 17. Ne3 R4c6 18. Qd3 Nab8 19. Nd2 Nf8 20. f4 Qd7 21.
Nf3 R6c7 22. h4 Nc6 23. h5 Ne7 24. g4 Kh8 25. Kf2 Rc6 26. Rh1 Ng8 27. Rag1 f6
28. Nh4 fxe5 29. fxe5 R8c7 30. Rg3 Qe8 31. Rf3 Rf7 32. Rhh3 Rxf3+ 33. Rxf3 Rc7
34. Kg3 Rf7 35. Rxf7 Qxf7 36. Qb5 Nd7 37. Qc6 Qe7 38. Nf3 h6 39. Ng2 Kh7 40.
Nf4 Nf8 41. Qc2+ g6 42. hxg6+ Kg7 43. Nh5+ 1-0

[Event "Over 1800"]
[Site "Edmonton"]
[Date "2016.08.27"]
[Round "1.6"]
[White "Bin Shoeb, Mashad"]
[Black "Kalisvaart, Peter"]
[Result "1-0"]
[WhiteElo "1829"]
[BlackElo "2029"]
[PlyCount "89"]
[EventDate "2016.08.27"]
[EventType "swiss"]
[EventRounds "5"]
[EventCountry "CAN"]
[SourceDate "2016.04.20"]

1. d4 d5 2. c4 e6 3. Nc3 Nf6 4. cxd5 exd5 5. Bf4 c6 6. Nf3 Bd6 7. Bxd6 Qxd6 8.
e3 O-O 9. h3 Re8 10. Bd3 Nbd7 11. O-O Ne4 12. Rc1 Nf8 13. Ne5 f6 14. Nxe4 dxe4
15. Bc4+ Be6 16. Ng4 Nd7 17. f4 exf3 18. Qxf3 Bxc4 19. Rxc4 Qe6 20. Rc3 Qxa2
21. Nh6+ Kh8 22. Nf5 Qxb2 23. Rcc1 Qa3 24. Ra1 Qf8 25. Rfb1 Nb6 26. e4 g6 27.
Nh4 Qd6 28. Rd1 Re7 29. Qe3 f5 30. e5 Qe6 31. Qh6 Nd5 32. Rd3 f4 33. g3 fxg3
34. Rxg3 Rg7 35. Rf1 Rag8 36. Kh2 Qe8 37. Rfg1 g5 38. Rxg5 Rxg5 39. Rxg5 Rxg5
40. Qxg5 a5 41. Nf5 Qg8 42. Qh6 a4 43. e6 a3 44. e7 Nxe7 45. Qf6+ 1-0

[Event "Over 1800"]
[Site "Edmonton"]
[Date "2016.08.27"]
[Round "1.7"]
[White "Tran-Ly, Tristan"]
[Black "Menard, Tyson"]
[Result "1-0"]
[WhiteElo "2039"]
[BlackElo "1826"]
[PlyCount "205"]
[EventDate "2016.08.27"]
[EventType "swiss"]
[EventRounds "5"]
[EventCountry "CAN"]
[SourceDate "2016.04.20"]

1. d4 Nf6 2. c4 g6 3. Nc3 d5 4. cxd5 Nxd5 5. e4 Nxc3 6. bxc3 Bg7 7. Bc4 c5 8.
Ne2 Nc6 9. Be3 O-O 10. O-O Qc7 11. Rb1 cxd4 12. cxd4 Nxd4 13. Bxf7+ Rxf7 14.
Nxd4 b6 15. Qb3 Bxd4 16. Bxd4 Qd6 17. Ba1 Qe6 18. Qc3 Qf6 19. Qc4 Qe6 20. Qd4
Rf6 21. Qe3 Rf7 22. Rfe1 Bb7 23. Qc3 Qf6 24. Qc2 Qe6 25. Rbc1 Rc8 26. Qb2 Qf6
27. Rxc8+ Bxc8 28. Qc2 Qe6 29. Qc3 Rf6 30. Qc7 Rf8 31. Qxa7 Bd7 32. Qa3 Qd6 33.
Qc3 Qf6 34. Qb3+ Qe6 35. Qb2 Qf6 36. Qd2 Qd6 37. Qh6 Rf7 38. Qe3 b5 39. Qb3 Qe6
40. Qb2 Qf6 41. Qe2 Qe6 42. Rc1 Rf8 43. Qd2 Be8 44. Qc3 Qf6 45. Qb3+ Qf7 46.
Qc2 Qe6 47. f3 Bd7 48. Rd1 Be8 49. Qc3 Qf6 50. Qc7 Qf7 51. Qe5 Qf6 52. Qd5+ Qf7
53. Qe5 Qf6 54. Qc7 Qe6 55. Rd2 Qc6 56. Rc2 Qd7 57. Rc1 Qe6 58. h3 Qf7 59. Bd4
Qe6 60. a3 Qd6 61. Qc3 Bd7 62. Bh8 Rf7 63. Be5 Qe6 64. Rd1 Rf8 65. Bh8 Rf7 66.
Bd4 Qc6 67. Qxc6 Bxc6 68. Rc1 Bd7 69. Kf2 Kf8 70. Rc7 Ke8 71. Bb6 Rf6 72. Rb7
Bc8 73. Rb8 Kd7 74. Bd4 Ra6 75. Bb2 Ra5 76. Ke2 Kc7 77. Be5+ Kd7 78. Bb2 Kc7
79. Be5+ Kd7 80. Kf2 b4 81. axb4 Rxe5 82. Ra8 Rb5 83. Ra7+ Kd6 84. Ra8 Be6 85.
Ra6+ Kd7 86. Ra7+ Ke8 87. Ra6 Kf7 88. Ra4 Bb3 89. Ra1 Rxb4 90. Rb1 Rb5 91. Kg3
Bc4 92. Rc1 Be6 93. Rc2 Ra5 94. Rb2 Kf6 95. Rb6 Rg5+ 96. Kf2 Rc5 97. Rb7 h6 98.
Rb6 h5 99. Kg3 Rc3 100. Ra6 Rd3 101. Rb6 Rd6 102. Rb5 g5 103. e5+ 1-0

[Event "Over 1800"]
[Site "Edmonton"]
[Date "2016.08.27"]
[Round "2.1"]
[White "Malek, Omid"]
[Black "Haessel, Dale"]
[Result "1/2-1/2"]
[WhiteElo "2140"]
[BlackElo "2311"]
[PlyCount "47"]
[EventDate "2016.08.27"]
[EventType "swiss"]
[EventRounds "5"]
[EventCountry "CAN"]
[SourceDate "2016.04.20"]

1. d4 Nf6 2. Bg5 Ne4 3. Bf4 d5 4. e3 c5 5. Bd3 Nc6 6. Bxe4 dxe4 7. d5 Nb4 8.
Nc3 Bf5 9. a3 Na6 10. Nge2 Qd7 11. Ng3 Rd8 12. Ngxe4 Bxe4 13. Nxe4 Qxd5 14.
Qxd5 Rxd5 15. c4 Rd7 16. Ke2 f6 17. Rhd1 e5 18. Bg3 Be7 19. Nc3 Nc7 20. f3 Rd8
21. Rxd8+ Kxd8 22. Rd1+ Kc8 23. Nd5 Re8 24. Rd2 1/2-1/2

[Event "Over 1800"]
[Site "Edmonton"]
[Date "2016.08.27"]
[Round "2.2"]
[White "Tran-Ly, Tristan"]
[Black "Findlay, Ian"]
[Result "1-0"]
[WhiteElo "2039"]
[BlackElo "2264"]
[PlyCount "75"]
[EventDate "2016.08.27"]
[EventType "swiss"]
[EventRounds "5"]
[EventCountry "CAN"]
[SourceDate "2016.04.20"]

1. d4 Nf6 2. c4 e6 3. Nc3 Bb4 4. Qc2 Nc6 5. Nf3 d6 6. a3 Bxc3+ 7. Qxc3 O-O 8.
b4 e5 9. dxe5 dxe5 10. Bb2 e4 11. Ng5 Re8 12. g3 h6 13. Nh3 a5 14. Bg2 axb4 15.
axb4 Rxa1+ 16. Bxa1 Qe7 17. b5 Ne5 18. O-O Qc5 19. Nf4 Bf5 20. Rd1 Nfg4 21. e3
Qxc4 22. Qb2 c6 23. bxc6 bxc6 24. h3 Nf6 25. g4 Bh7 26. Bf1 Qa4 27. Be2 Nd3 28.
Qc3 Kh8 29. h4 Rg8 30. g5 hxg5 31. hxg5 Nd5 32. Nxd5 cxd5 33. Rb1 Qa8 34. Qc7
Qa2 35. Bxg7+ Rxg7 36. Rb8+ Bg8 37. Rxg8+ Rxg8 38. Qh2+ 1-0

[Event "Over 1800"]
[Site "Edmonton"]
[Date "2016.08.27"]
[Round "2.3"]
[White "MacKinnon, Keith"]
[Black "Bin Shoeb, Mashad"]
[Result "1-0"]
[WhiteElo "2259"]
[BlackElo "1829"]
[PlyCount "67"]
[EventDate "2016.08.27"]
[EventType "swiss"]
[EventRounds "5"]
[EventCountry "CAN"]
[SourceDate "2016.04.20"]

1. e4 c6 2. d4 d5 3. e5 Bf5 4. Nf3 e6 5. Be2 Nd7 6. Nbd2 Bg6 7. Nb3 a6 8. O-O
h6 9. a4 Ne7 10. Bd2 Nf5 11. g4 Nh4 12. Nxh4 Qxh4 13. f4 Be4 14. Bf3 O-O-O 15.
Ba5 b6 16. Bxe4 dxe4 17. Qe2 Kb7 18. Be1 Qe7 19. a5 b5 20. Qxe4 g5 21. f5 h5
22. h3 hxg4 23. f6 Qe8 24. hxg4 Nb8 25. Bf2 Rd5 26. Kg2 Nd7 27. Rh1 Rg8 28.
Rad1 Qd8 29. Qh7 Nxf6 30. exf6 Qxf6 31. Qxg8 Qf4 32. Bg3 Qxg4 33. Qxf7+ Kc8 34.
Qc7# 1-0

[Event "Over 1800"]
[Site "Edmonton"]
[Date "2016.08.27"]
[Round "2.4"]
[White "Haynes, Nicolas"]
[Black "Wang, Kaixin"]
[Result "1-0"]
[WhiteElo "2283"]
[BlackElo "1819"]
[PlyCount "43"]
[EventDate "2016.08.27"]
[EventType "swiss"]
[EventRounds "5"]
[EventCountry "CAN"]
[SourceDate "2016.04.20"]

1. d4 Nf6 2. c4 c5 3. Nf3 cxd4 4. Nxd4 Nc6 5. Nc3 d6 6. g3 g6 7. Bg2 Bg7 8.
Nxc6 bxc6 9. Bxc6+ Bd7 10. Bxa8 Qxa8 11. f3 O-O 12. O-O Qc6 13. Qd3 Be6 14. b3
Rd8 15. e4 d5 16. Be3 Qc7 17. exd5 Nxd5 18. cxd5 Bf5 19. Ne4 Bxa1 20. Rxa1 Qe5
21. Rd1 Be6 22. d6 1-0

[Event "Over 1800"]
[Site "Edmonton"]
[Date "2016.08.27"]
[Round "2.5"]
[White "Yao, David"]
[Black "Briones, Dante"]
[Result "0-1"]
[WhiteElo "1817"]
[BlackElo "2032"]
[PlyCount "90"]
[EventDate "2016.08.27"]
[EventType "swiss"]
[EventRounds "5"]
[EventCountry "CAN"]
[SourceDate "2016.04.20"]

1. Nf3 Nf6 2. d3 g6 3. g3 Bg7 4. Bg2 d5 5. Nbd2 Bg4 6. e4 Nc6 7. h3 Bxf3 8.
Bxf3 d4 9. Bg2 e5 10. Nf3 Qd6 11. a3 a5 12. Bd2 O-O 13. O-O Nh5 14. Nh4 h6 15.
Qg4 Nf6 16. Qe2 Rfe8 17. f4 exf4 18. Bxf4 Qd8 19. Bd2 Nh5 20. Qf2 Qd7 21. g4
Nf6 22. Qg3 Qe7 23. Rf2 Nh7 24. Raf1 Rf8 25. Nf3 Rad8 26. Re2 Ng5 27. Nxg5 hxg5
28. Qe1 Qe5 29. h4 f6 30. hxg5 fxg5 31. Rxf8+ Bxf8 32. Rf2 Bd6 33. Rf3 Rd7 34.
Qf2 b6 35. Rf6 Kg7 36. Rf3 Nd8 37. c3 c5 38. Qe2 Ne6 39. Rh3 Rf7 40. Rf3 Qh2+
41. Kf1 Bf4 42. Bxf4 Nxf4 43. Qd2 Rf8 44. Rf2 Nxg2 45. Qxg5 Ne3+ 0-1

[Event "Over 1800"]
[Site "Edmonton"]
[Date "2016.08.27"]
[Round "2.6"]
[White "Kalisvaart, Peter"]
[Black "Karmali, Hafiz"]
[Result "1-0"]
[WhiteElo "2029"]
[BlackElo "1968"]
[PlyCount "79"]
[EventDate "2016.08.27"]
[EventType "swiss"]
[EventRounds "5"]
[EventCountry "CAN"]
[SourceDate "2016.04.20"]

1. d4 e6 2. Nf3 f5 3. c4 b6 4. Nc3 Bb7 5. g3 Nf6 6. Bg2 Be7 7. O-O O-O 8. d5
exd5 9. Nxd5 Nxd5 10. cxd5 Na6 11. Nd4 Bc5 12. a3 Qf6 13. Be3 g5 14. f4 g4 15.
b4 Bd6 16. Nb5 Rfe8 17. Bd4 Qe7 18. e4 c5 19. Nxd6 Qxd6 20. Be5 Qg6 21. exf5
Qxf5 22. b5 Nb8 23. Re1 d6 24. Be4 Qh5 25. Bxd6 Nd7 26. Bg2 Rxe1+ 27. Qxe1 Bxd5
28. Rd1 Bf3 29. Bxf3 gxf3 30. Qe6+ Qf7 31. Qg4+ Qg7 32. Qxf3 Re8 33. Qc6 Qc3
34. Qd5+ Kh8 35. Qd3 Qxd3 36. Rxd3 Re2 37. Bc7 Re7 38. Kf2 Kg7 39. Kf3 Kf6 40.
Bd8 1-0

[Event "Over 1800"]
[Site "Edmonton"]
[Date "2016.08.27"]
[Round "2.7"]
[White "Zeggelaar, Mike"]
[Black "Young, Joseph"]
[Result "1-0"]
[WhiteElo "1973"]
[BlackElo "1831"]
[PlyCount "55"]
[EventDate "2016.08.27"]
[EventType "swiss"]
[EventRounds "5"]
[EventCountry "CAN"]
[SourceDate "2016.04.20"]

1. e4 d6 2. d4 Nf6 3. Nc3 Nbd7 4. Nf3 e5 5. Bc4 Be7 6. dxe5 dxe5 7. Bxf7+ Kxf7
8. Ng5+ Kg8 9. Ne6 Qe8 10. Nxc7 Qg6 11. Nxa8 Qxg2 12. Rf1 Bd8 13. Qe2 Nf8 14.
Be3 b6 15. O-O-O Be7 16. Nc7 Qh3 17. N7d5 Bd8 18. Nxf6+ Bxf6 19. Nd5 Bh4 20.
Rg1 h5 21. Bg5 Bg4 22. Rxg4 hxg4 23. Ne7+ Kh7 24. Bxh4 Qxh4 25. Nf5 Qxh2 26.
Qxg4 Qf4+ 27. Qxf4 exf4 28. Rh1+ 1-0

[Event "Over 1800"]
[Site "Edmonton"]
[Date "2016.08.27"]
[Round "2.8"]
[White "Macleod, Damon"]
[Black "Dave, Bhavik"]
[Result "1-0"]
[WhiteElo "1908"]
[BlackElo "1830"]
[PlyCount "131"]
[EventDate "2016.08.27"]
[EventType "swiss"]
[EventRounds "5"]
[EventCountry "CAN"]
[SourceDate "2016.04.20"]

1. e4 e5 2. Nf3 Nc6 3. Bb5 a6 4. Bxc6 dxc6 5. O-O f6 6. d4 exd4 7. Nxd4 c5 8.
Nb3 Qxd1 9. Rxd1 b5 10. Be3 c4 11. Nc5 Nh6 12. f3 Be7 13. Nc3 c6 14. Rd2 O-O
15. Rad1 Nf7 16. Nd7 Re8 17. Ne2 Bd8 18. Nb6 Rb8 19. Nxc8 Rxc8 20. Nd4 Ba5 21.
c3 Bb6 22. Kf2 Ne5 23. Ke2 Red8 24. Ne6 Rxd2+ 25. Rxd2 Bxe3 26. Kxe3 Kf7 27.
Nc5 Ke7 28. Nxa6 Ra8 29. Nb4 Rc8 30. h3 Nd7 31. Nc2 Nc5 32. Nd4 g6 33. b3 cxb3
34. axb3 Ne6 35. f4 h5 36. g4 hxg4 37. hxg4 Nc5 38. Rh2 Kd6 39. Rh7 Re8 40. Rf7
Nxe4 41. Kf3 g5 42. f5 Nxc3 43. Rxf6+ Ke5 44. Re6+ Rxe6 45. Nxe6 Kf6 46. Nc5
Ke5 47. Ne6 Kf6 48. Ke3 Nd1+ 49. Ke2 Nc3+ 50. Kd3 Nd5 51. Ke4 Ne7 52. Nd4 Kf7
53. Ke5 b4 54. Nf3 Nd5 55. Nxg5+ Ke7 56. Ne4 Ne3 57. g5 Kf7 58. g6+ Kf8 59. f6
Ng4+ 60. Ke6 Nh6 61. Nd6 c5 62. g7+ Kg8 63. Ke7 c4 64. Nxc4 Nf5+ 65. Ke8 Nxg7+
66. fxg7 1-0

[Event "Over 1800"]
[Site "Edmonton"]
[Date "2016.08.27"]
[Round "3.1"]
[White "MacKinnon, Keith"]
[Black "Tran-Ly, Tristan"]
[Result "1-0"]
[WhiteElo "2259"]
[BlackElo "2039"]
[PlyCount "83"]
[EventDate "2016.08.27"]
[EventType "swiss"]
[EventRounds "5"]
[EventCountry "CAN"]
[SourceDate "2016.04.20"]

1. e4 c5 2. Nf3 g6 3. d4 cxd4 4. Nxd4 Nc6 5. Nc3 Bg7 6. Be3 Nf6 7. Bc4 O-O 8.
Bb3 d6 9. f3 Bd7 10. Qd2 Nxd4 11. Bxd4 b5 12. O-O a5 13. a3 Qc7 14. Rf2 e5 15.
Be3 Bc6 16. Rd1 Rfd8 17. Bg5 Qb7 18. Qe3 Rab8 19. Rfd2 Qc7 20. Qf2 h6 21. Be3
b4 22. axb4 axb4 23. Na2 Bf8 24. Qg3 Kh7 25. Qh4 Nh5 26. g4 Nf4 27. Qf6 Be8 28.
Qh4 Be7 29. Qg3 Bg5 30. Kh1 Qe7 31. Nc1 Bh4 32. Qg1 Qf6 33. Ba7 Ra8 34. Bb6 Bb5
35. Bxd8 Rxd8 36. Nd3 Nxd3 37. cxd3 Qxf3+ 38. Qg2 Qe3 39. Bxf7 Rf8 40. Bc4 Bd7
41. Rf1 Qxd2 42. Rxf8 1-0

[Event "Over 1800"]
[Site "Edmonton"]
[Date "2016.08.27"]
[Round "3.2"]
[White "Haessel, Dale"]
[Black "Macleod, Damon"]
[Result "1-0"]
[WhiteElo "2311"]
[BlackElo "1908"]
[PlyCount "57"]
[EventDate "2016.08.27"]
[EventType "swiss"]
[EventRounds "5"]
[EventCountry "CAN"]
[SourceDate "2016.04.20"]

1. d4 d5 2. c4 e6 3. Nc3 c6 4. e3 Nf6 5. Nf3 Nbd7 6. Qc2 Be7 7. b3 O-O 8. Be2
Qc7 9. O-O e5 10. cxd5 cxd5 11. dxe5 Nxe5 12. Bb2 Be6 13. Rac1 Rac8 14. Qb1
Nxf3+ 15. Bxf3 Qd7 16. Rfd1 Rfd8 17. e4 d4 18. Ne2 Rxc1 19. Qxc1 d3 20. Nd4 Bg4
21. Bxg4 Nxg4 22. h3 Ne5 23. f4 Ba3 24. Nf5 Rc8 25. Qa1 Bc5+ 26. Kh1 Qc6 27.
Bxe5 Qxe4 28. Nxg7 Bf8 29. Nh5 1-0

[Event "Over 1800"]
[Site "Edmonton"]
[Date "2016.08.27"]
[Round "3.3"]
[White "Briones, Dante"]
[Black "Malek, Omid"]
[Result "1-0"]
[WhiteElo "2032"]
[BlackElo "2140"]
[PlyCount "159"]
[EventDate "2016.08.27"]
[EventType "swiss"]
[EventRounds "5"]
[EventCountry "CAN"]
[SourceDate "2016.04.20"]

1. e4 e6 2. d4 d5 3. Nd2 Nc6 4. Ngf3 Nf6 5. e5 Nd7 6. c3 Be7 7. Bd3 O-O 8. h4
f5 9. Nf1 Qe8 10. a4 a5 11. Bf4 Na7 12. Ng3 c5 13. Bg5 Nc6 14. O-O h6 15. Bf4
Nb6 16. dxc5 Bxc5 17. Bc2 Bd7 18. Qd2 Nc4 19. Qc1 Qf7 20. b3 Nb6 21. Qd2 Rac8
22. Rfc1 Rfd8 23. Bd1 Be8 24. Nd4 Nxd4 25. cxd4 Bb4 26. Qe3 Qf8 27. Rxc8 Rxc8
28. Rc1 Rc6 29. Bh5 Be7 30. Bxe8 Qxe8 31. Rxc6 bxc6 32. h5 Kh7 33. Qc1 Qc8 34.
Bd2 Qa8 35. Qc2 Kg8 36. Ne2 Nd7 37. Nf4 Nf8 38. f3 Qa7 39. Be3 Bg5 40. Qc3 Kf7
41. g3 Qb6 42. Kf2 Be7 43. Qc2 Ke8 44. g4 Bh4+ 45. Kg2 fxg4 46. fxg4 Bg5 47.
Qd3 Qb4 48. Bd2 Qb6 49. Qc3 Kd7 50. Kf3 Be7 51. Be3 Bb4 52. Qc2 Qa6 53. Kf2 Qc8
54. Nd3 Qd8 55. Kg3 Be7 56. Bd2 Qb6 57. Qc3 Ke8 58. Be3 Nd7 59. Kf3 Kf7 60. Qc2
Kg8 61. Nf4 Nf8 62. Nd3 Qa6 63. Qd2 Qb6 64. Qc3 Nd7 65. Ke2 Qa6 66. Kd2 Qb6 67.
Kc2 Qa6 68. Bd2 Qb6 69. Qxa5 Qxd4 70. Qa8+ Kf7 71. Qxc6 Qa7 72. Nf4 Nf8 73. a5
Qf2 74. Nd3 Qa7 75. b4 Nd7 76. Nf4 Nf8 77. a6 Qd4 78. Nd3 Qa1 79. Nb2 d4 80.
Qb7 1-0

[Event "Over 1800"]
[Site "Edmonton"]
[Date "2016.08.27"]
[Round "3.4"]
[White "Findlay, Ian"]
[Black "Zeggelaar, Mike"]
[Result "1-0"]
[WhiteElo "2264"]
[BlackElo "1973"]
[PlyCount "91"]
[EventDate "2016.08.27"]
[EventType "swiss"]
[EventRounds "5"]
[EventCountry "CAN"]
[SourceDate "2016.04.20"]

1. e4 g6 2. d4 Bg7 3. Nc3 d6 4. Nf3 a6 5. a4 Nf6 6. Be2 O-O 7. O-O Bg4 8. Be3
Nbd7 9. Nd2 Bxe2 10. Qxe2 c5 11. dxc5 dxc5 12. f3 Qc7 13. Nc4 Nb6 14. a5 Nxc4
15. Qxc4 Rac8 16. Rfd1 e6 17. g3 Nd7 18. f4 Bxc3 19. Qxc3 Rfe8 20. e5 c4 21.
Rd6 Red8 22. Rad1 Nf8 23. Bb6 Rxd6 24. Rxd6 Qe7 25. Qd4 h5 26. Qe4 Kh7 27. Kg2
Kg8 28. Kf3 Nh7 29. Qd4 Nf8 30. Kg2 Kh7 31. Kh3 Kg8 32. Bd8 Qe8 33. Bf6 Nh7 34.
Bh4 Nf8 35. Rd8 Rxd8 36. Qxd8 Qxd8 37. Bxd8 Nd7 38. Kg2 Kf8 39. Kf3 Nc5 40. Bb6
Nd7 41. Ke4 Nxb6 42. axb6 Ke8 43. Kd4 Kd7 44. Kc5 a5 45. c3 a4 46. Kb5 1-0

[Event "Over 1800"]
[Site "Edmonton"]
[Date "2016.08.27"]
[Round "3.5"]
[White "Menard, Tyson"]
[Black "Kalisvaart, Peter"]
[Result "0-1"]
[WhiteElo "1826"]
[BlackElo "2029"]
[PlyCount "100"]
[EventDate "2016.08.27"]
[EventType "swiss"]
[EventRounds "5"]
[EventCountry "CAN"]
[SourceDate "2016.04.20"]

1. e4 e5 2. Nf3 Nc6 3. Bc4 Nf6 4. d3 Bc5 5. c3 d6 6. Bb3 h6 7. h3 Qe7 8. Nbd2
Bd7 9. Nf1 O-O-O 10. Ne3 g5 11. Qe2 g4 12. Nh4 Bxe3 13. Bxe3 gxh3 14. g3 Ng4
15. O-O-O Nxe3 16. Qxe3 Rdf8 17. Nf5 Bxf5 18. exf5 Qf6 19. Rxh3 Qxf5 20. Rdh1
h5 21. Qe2 Nd8 22. Rxh5 Rxh5 23. Rxh5 Qg6 24. g4 Ne6 25. Bxe6+ Qxe6 26. a3 Qg6
27. Qe4 Rg8 28. f3 Qxe4 29. dxe4 Kd7 30. Kd2 c6 31. b3 a5 32. c4 a4 33. b4 b5
34. Kc3 Rg6 35. Rh8 Rf6 36. Rh3 d5 37. exd5 cxd5 38. cxb5 Kc7 39. Kd3 Kb6 40.
Ke3 Kxb5 41. Rh1 Kc4 42. Rb1 d4+ 43. Ke4 Rf4+ 44. Kxe5 Rxf3 45. b5 Rb3 46. Ra1
Rxb5+ 47. Ke4 Rb3 48. Rc1+ Rc3 49. Ra1 Re3+ 50. Kf4 Re6 0-1

[Event "Over 1800"]
[Site "Edmonton"]
[Date "2016.08.27"]
[Round "3.6"]
[White "Bin Shoeb, Mashad"]
[Black "Karmali, Hafiz"]
[Result "0-1"]
[WhiteElo "1829"]
[BlackElo "1968"]
[PlyCount "90"]
[EventDate "2016.08.27"]
[EventType "swiss"]
[EventRounds "5"]
[EventCountry "CAN"]
[SourceDate "2016.04.20"]

1. e4 Nf6 2. e5 Nd5 3. d4 d6 4. Nf3 g6 5. Be2 Bg7 6. O-O Nc6 7. c4 Nb6 8. exd6
cxd6 9. Nc3 O-O 10. Be3 Bg4 11. b3 f5 12. Qd2 Re8 13. Rad1 e6 14. h3 Bh5 15.
Ng5 Bxe2 16. Nxe2 d5 17. c5 Nd7 18. Nf3 Nf6 19. b4 Ne4 20. Qb2 g5 21. b5 Na5
22. Qb1 Nc4 23. Nd2 Nexd2 24. Bxd2 f4 25. Qb3 Qc7 26. Qf3 Rad8 27. Bb4 a5 28.
Bc3 a4 29. Rfe1 e5 30. dxe5 Qxc5 31. h4 Nxe5 32. Bxe5 Rxe5 33. hxg5 Qe7 34. Kf1
Qxg5 35. Rc1 Rf8 36. Rc7 Qh4 37. Ng1 Rfe8 38. Rxe5 Rxe5 39. Rxb7 Qf6 40. Qh3
Re8 41. g3 f3 42. Nxf3 Qxf3 43. Ra7 Rf8 44. Qh2 Qd1+ 45. Kg2 Qd4 0-1

[Event "Over 1800"]
[Site "Edmonton"]
[Date "2016.08.27"]
[Round "3.7"]
[White "Wang, Kaixin"]
[Black "Yao, David"]
[Result "1/2-1/2"]
[WhiteElo "1819"]
[BlackElo "1817"]
[PlyCount "38"]
[EventDate "2016.08.27"]
[EventType "swiss"]
[EventRounds "5"]
[EventCountry "CAN"]
[SourceDate "2016.04.20"]

1. e4 d6 2. d4 Nf6 3. Nc3 Nbd7 4. Nf3 g6 5. Bc4 e6 6. O-O Bg7 7. e5 dxe5 8.
dxe5 Ng8 9. Bg5 Ne7 10. Ne4 Nxe5 11. Qxd8+ Kxd8 12. Rad1+ Nd7 13. Bf6 Bxf6 14.
Nxf6 Nf5 15. Nxd7 Bxd7 16. Ne5 Nd6 17. Rxd6 cxd6 18. Nxf7+ Ke7 19. Nxh8 Rxh8
1/2-1/2

[Event "Over 1800"]
[Site "Edmonton"]
[Date "2016.08.27"]
[Round "3.8"]
[White "Dave, Bhavik"]
[Black "Young, Joseph"]
[Result "1-0"]
[WhiteElo "1830"]
[BlackElo "1831"]
[PlyCount "45"]
[EventDate "2016.08.27"]
[EventType "swiss"]
[EventRounds "5"]
[EventCountry "CAN"]
[SourceDate "2016.04.20"]

1. d4 d5 2. c4 e6 3. Nc3 Nf6 4. cxd5 exd5 5. Bg5 c6 6. e3 Be7 7. Bd3 Ne4 8. Bf4
Nxc3 9. bxc3 O-O 10. Qc2 f5 11. Nf3 Be6 12. Rb1 b5 13. Ne5 g5 14. Bg3 Rf6 15.
h4 Rh6 16. Bxf5 Qc8 17. Bd3 gxh4 18. Bf4 Rh5 19. Bg6 Bf5 20. Bf7+ Kg7 21. Qe2
Bxb1 22. Qxh5 Qf5 23. Qh6+ 1-0